Crossword - "S" Words - Statistics

General Stats
  • This quiz has been taken 9,615 times
    4,754 since last reset
  • The average score is 26 of 35
Answer Stats
A/D Clue Answer % Correct
15. Across Day of the week (8) Saturday
98%
13. Down Unhappy (3) Sad
97%
1. Across Paper cutting tools (8) Scissors
97%
3. Down Female siblings (7) Sisters
97%
12. Down Opposite of north (5) South
96%
13. Across Perceive with the eyes (3) See
95%
25. Down Take a seat (3) Sit
94%
14. Across Eight-legged arachnid (6) Spider
93%
1. Down Japanese rice and fish dish (5) Sushi
93%
4. Down Bone structure of the head (5) Skull
91%
6. Down Medical operation (7) Surgery
91%
4. Across e.g. smell and taste (6) Senses
90%
25. Across Backbone (5) Spine
89%
23. Down Male children (4) Sons
86%
27. Across e.g. James Bond (3) Spy
86%
7. Across ____ Street, TV series (6) Sesame
85%
9. Across Artist who carves figures (8) Sculptor
83%
10. Across She sells these on the seashore (9) Seashells
81%
2. Down Brazilian dance (5) Samba
79%
5. Down Collection of items (3) Set
74%
24. Down To mix (4) Stir
74%
23. Across Person believed to be guilty (7) Suspect
74%
17. Down Eastern part of Russia (7) Siberia
68%
26. Across Excel data grid (11) Spreadsheet
61%
22. Across Small, edible fish (7) Sardine
60%
19. Down Bizarre or unusual (7) Strange
58%
20. Down e.g. 'Homo sapien' for humans (7) Species
53%
11. Down Deliver or provide something, e.g. food (5) Serve
52%
14. Down Fabric strip across the body (4) Sash
48%
21. Down Banned in the U.S. in 1865 (7) Slavery
48%
16. Across Air-filled cavities in face (7) Sinuses
45%
8. Down Periods of activity (8) Sessions
36%
18. Down Groups of things working together (7) Systems
36%
Mystery Word Splendid
33%
19. Across Splits or rifts within organisations (7) Schisms
14%
No matching quizzes found
Score Distribution
Percent of People with Each Score
Percentile by Number Answered
Your Score History
You have not taken this quiz since the last reset